| 000 | 01579nam a2200373 a 4500 | ||
|---|---|---|---|
| 001 | ebr10575483 | ||
| 003 | CaPaEBR | ||
| 006 | m u | ||
| 007 | cr cn||||||||| | ||
| 008 | 760506s1975 ne a sb 101 0 eng d | ||
| 010 | _z 76361019 | ||
| 020 | _z0444151826 (American Elsevier) | ||
| 020 | _z9021940388 (Excerpta Medica) | ||
| 020 | _z9780470663264 | ||
| 020 | _z9780470717844 (e-book) | ||
| 040 |
_aCaPaEBR _cCaPaEBR |
||
| 035 | _a(OCoLC)802051657 | ||
| 050 | 1 | 4 |
_aRD593 _b.S92 1974eb |
| 082 | 0 | 4 |
_a617/.1 _222 |
| 111 | 2 |
_aSymposium on the Outcome of Severe Damage to the Central Nervous System _d(1974 : _cLondon, England) |
|
| 245 | 1 | 0 |
_aOutcome of severe damage to the central nervous system _h[electronic resource]. |
| 260 |
_aAmsterdam ; _aNew York : _bElsevier, _c1975. |
||
| 300 |
_aix, 354 p. : _bill. |
||
| 490 | 1 |
_aCiba Foundation Symposium ; _v34 (new ser.) |
|
| 504 | _aIncludes bibliographies and indexes. | ||
| 533 |
_aElectronic reproduction. _bPalo Alto, Calif. : _cebrary, _d2011. _nAvailable via World Wide Web. _nAccess may be limited to ebrary affiliated libraries. |
||
| 650 | 0 |
_aCentral nervous system _xWounds and injuries _xComplications _vCongresses. |
|
| 650 | 0 |
_aCentral nervous system _xDiseases _xComplications _vCongresses. |
|
| 650 | 0 |
_aPrognosis _vCongresses. |
|
| 655 | 7 |
_aElectronic books. _2local |
|
| 710 | 2 | _aebrary, Inc. | |
| 830 | 0 |
_aCiba Foundation symposium ; _vnew ser. 34. |
|
| 856 | 4 | 0 |
_uhttp://site.ebrary.com/lib/rucke/Doc?id=10575483 _zAn electronic book accessible through the World Wide Web; click to view |
| 999 |
_c181644 _d181644 |
||